| 000 | 00516nam a22001697a 4500 | ||
|---|---|---|---|
| 005 | 20260507121433.0 | ||
| 008 | 260507b |||||||| |||| 00| 0 eng d | ||
| 020 |
_a978052177146 _qhbk |
||
| 041 | _aeng | ||
| 082 | _a420.9 WRI | ||
| 245 |
_aThe Development of Standard English 1300-1800: _bTheories, Descriptions, Conflicts _c/Laura Wright; |
||
| 260 |
_aUSA _bCambridge University Press _c2000 |
||
| 490 | _aStudies in English Language | ||
| 504 | _aindex | ||
| 650 | _aEnglish & Old English | ||
| 942 | _cENGLISH | ||
| 999 |
_c622742 _d622742 |
||